Kelvin probe for surface engineering fundamentals and design
Պահպանված է:
| Հիմնական հեղինակ: | |
|---|---|
| Ձևաչափ: | Գիրք |
| Լեզու: | անգլերեն |
| Հրապարակվել է: |
Ane Book
2019
|
| Ցուցիչներ: |
Ավելացրեք ցուցիչ
Չկան պիտակներ, Եղեք առաջինը, ով նշում է այս գրառումը!
|
MARC
| LEADER | 00000nam a22000007a 4500 | ||
|---|---|---|---|
| 008 | 221228b |||||||| |||| 00| 0 eng d | ||
| 020 | |a 9788190840537 | ||
| 100 | |a SUBRAHMANYAM, A. |a Kumar, C. Suresh | ||
| 245 | |a Kelvin probe for surface engineering |b fundamentals and design |c A. Subrahmanya, C.Suresh Kumar |g x,82p, ill | ||
| 260 | |b Ane Book |c 2019 |h New Delhi |i 699349 |i 699350 |l TA418.7.Su1 |m Surfaces (Technology) | ||
| 500 | |a it includes index and references | ||
| 942 | |a lcc |c BK |e Johnson |f 28/12/22 | ||
| 952 | |0 0 |1 0 |2 lcc |4 0 |6 TA04187 S U1 |7 0 |9 4059 |a TL |b HOL |d 2022-12-28 |l 0 |o TA418.7.Su1 |p 2022-0018 |r 2022-12-28 00:00:00 |t 699349 |w 2022-12-28 |y BK | ||
| 952 | |0 0 |1 0 |2 lcc |4 0 |6 TA04187 S U1 |7 0 |9 4060 |a HOL |b HOL |d 2022-12-28 |l 0 |o TA418.7.Su1 |p 2022-0019 |r 2022-12-28 00:00:00 |t 699350 |w 2022-12-28 |y BK | ||
| 999 | |c 2038 |d 2038 | ||